Modernizácia marketingových a obchodných činností

Gespeichert in:
Bibliographische Detailangaben
1. Verfasser: Mariaš, Miroslav
Körperschaft: Ekonomická univerzita v Bratislave. Obchodná fakulta
Weitere Verfasser: Čihovská, Viera, Čimo, Jozef, Dzurová, Mária, Lipianska, Júlia, Miklošík, Andrej, Jány, Sáša, Richterová, Kornélia, Mečár, Miroslav
Format: Buch
Sprache:Slowakisch
Veröffentlicht: Bratislava Vydavateľstvo EKONÓM 2007
Schlagworte:
Tags: Tag hinzufügen
Keine Tags, Fügen Sie das erste Tag hinzu!

MARC

LEADER 00000nam$a2200000$$$4500
001 0069053
005 20240522080605.6
020 |a 978-80-225-2441-4 
041 0 |a slo 
044 |a SK 
245 1 0 |a Modernizácia marketingových a obchodných činností  |c Miroslav Mariaš a kolektív 
264 1 |a Bratislava  |b Vydavateľstvo EKONÓM  |c 2007 
300 |a 273 s. 
610 2 0 |a obchod 
610 2 0 |a marketing 
610 2 0 |a stratégia marketingová 
610 2 0 |a maloobchod 
610 2 0 |a politika spotrebiteľská 
610 2 0 |a zákazníci 
610 2 0 |a inovácia 
610 2 0 |a modernizácia 
610 2 0 |a správanie spotrebiteľa 
100 1 |a Mariaš, Miroslav 
700 1 |a Čihovská, Viera 
700 1 |a Čimo, Jozef 
700 1 |a Dzurová, Mária 
700 1 |a Lipianska, Júlia 
700 1 |a Miklošík, Andrej 
700 1 |a Jány, Sáša 
700 1 |a Richterová, Kornélia 
700 1 |a Mečár, Miroslav 
710 2 |a Ekonomická univerzita v Bratislave. Obchodná fakulta